| 000 | 00655nam a2200205 a 4500 | ||
|---|---|---|---|
| 001 | 000040968 | ||
| 005 | 20201002034520.0 | ||
| 008 | 130912s1987 pr 000 0 spa d | ||
| 020 | _a084770078X | ||
| 040 |
_aDO-SdBNP _bspa _cBNPHU |
||
| 100 | 1 |
_aAnneo Seneca, Lucio _966235 |
|
| 245 | 1 | 0 |
_aDe la brevedad de la vida / _cLucio Anneo Seneca ; traducción y notas Vicente Reynal. |
| 260 |
_aPuerto Rico : _bUniversidad de Puertorrico, _c1987. |
||
| 300 |
_a97 p. ; _c19 cm. |
||
| 490 | 1 | _aUprex | |
| 500 | _aIncluye notas al pie de las páginas | ||
| 504 | _aBibliografía : p. 91 | ||
| 700 | 1 |
_aReynal, Vicente, _etrad. _967400 |
|
| 830 | 0 |
_aUprex _960312 |
|
| 999 |
_c40458 _d40458 |
||